000 01495nam a2200301 a 4500
003 DO-SdBNP
005 20220701122126.0
007 ta
008 220628e2013 dr h|||er|||| 001 mdspa d
020 _a9789945488135
040 _aDO-SdBNP
_bspa
_cBNPHU
082 4 _222
_bF363n
100 1 _972877
_aFernández, Papo
_d1963-
245 1 0 _a¡Najayo!..
_b"pues yo si jayé. /
_cPapo Fernández; Editor, Noe Zayas, Prólogo, Pedro Carreras Aguilera
260 _aSan Francisco de Macorís, República Dominicana :
_bPapiros Talleres Gráficos,
_c2013
300 _a109 p. :
_bfacs. ;
_c21 cm.
500 _aIncluye datos biográficos del autor en las solapas de las cubierta.
505 0 _a1.- Dedicatoria.--
505 0 _a2.- Prólogo.
_t3.- Palabras el autor.--
_t4.- Participación en la cámara de diputados.--
_t5.- Un grandote y Gigante Besote!.--
_t6.- ¿Por qué?.--
_t7.- El hombre... es su Palabra?.--
_t8.- Privilegios en Cárcel.--
_t9.- No es la gran vaina.--
_t10.- Lean esto.--
_t11.- Cosas de Najayo.--
_t12.- Retazos de mi Pensamiento.--
_t13.- Otros Dicien:
_t14.- Al final.--
_t15.- Anexos
590 _aInventariado 2022 / MF
650 4 _916921
_aProsa
_vRelatos personales
_xCritica e Interpretación.
_zRepública Dominicana
650 4 _aPrisiones
_zRepública Dominicana
_914299
651 4 _978581
_aRepública Dominicana
_xRelatos personales
700 1 _913123
_aZayas, Noé
_eed.
700 1 _943438
_aCarreras Aguilera, Pedro
_epról.
910 _aMFeliz
942 _2ddc
_cLBS1
999 _c52119
_d52119